[Event "Zaragoza Casablanca op 5th"]
[Site "Zaragoza"]
[Date "2011.12.28"]
[Round "6"]
[White "Garza Marco, Sergio"]
[Black "Gonzalez Perez, Arian"]
[Result "1-0"]
[WhiteElo "2394"]
[BlackElo "2474"]
[Annotator "Adla Martin"]
[PlyCount "59"]
[EventDate "2011.12.23"]
[EventType "swiss"]
[EventRounds "9"]
[EventCountry "ESP"]
[SourceTitle "CBM 146 Extra"]
[Source "ChessBase"]
[SourceDate "2012.02.29"]
[SourceVersion "1"]
[SourceVersionDate "2012.02.29"]
[SourceQuality "1"]

1. d4 Nf6 2. c4 g6 3. Nc3 Bg7 4. e4 O-O 5. Be3 d6 6. f3 {Sergio vuelve a
elegir la variante Samisch contra la india de rey que tan buen resultado le
dió contra Paunovic en la cuarta ronda.} Nbd7 7. Nge2 c5 {Las negras eligen
jugar un centro de benoni. Como casi siempre, Sergio no elude los esquemas
agudos y acepta el reto.} 8. d5 a6 9. a4 Ne5 10. Ng3 e6 11. Be2 exd5 12. cxd5
Bd7 ({Otra línea muy importante en esta aguda variante principal es} 12... h5 {
Las negras eligen eligen esta jugada muy practicada que, sin embargo, no ha
cosechado buenas estadísticas en las bases de datos.}) 13. h3 $1 {Es casi
seguro que Sergio aún está en su preparación. La jugada de la partida es la
mejor, las blancas quieren luchar contra la buena pieza negra, el Ce5,
amenazando ahora ganar pieza con f4. Sergio repite la misma ambiciosa
estrategia que le dió éxito contra Paunovic: Las blancas pretenden controlar
el centro y los flancos. La diferencia aquí con aquélla partida es importante,
el centro es móvil y el juego será muy dinámico.} b5 14. f4 Nc4 15. Bxc4 bxc4
16. O-O Rb8 ({La otra opción importante es} 16... Re8) 17. e5 $1 ({Otra vez la
más aguda. La opción posicional es} 17. Qf3) 17... Ne8 $6 ({Es probable que
esta sólida jugada sea dudosa. Seguramente, la atención de las negras en esta
línea recaerá en la agudísima} 17... Re8 {dándose una posición asombrosamente
complicada, las negras sacrifican material por todos lados pero mantienen
fieramente la lucha por el centro. Agrego los únicos dos ejemplos que
proporciona la base de datos:} 18. Qf3 (18. Qd2 dxe5 19. fxe5 Rxe5 20. Bf4 Ne8
21. Bxe5 Bxe5 22. Nge4 Bf5 23. Rae1 Nd6 24. Nxc5 Bg7 25. Kh1 Qa5 26. N5e4 Bxe4
27. Nxe4 Qxd2 28. Nxd2 Bxb2 29. Ne4 Rd8 30. Nxd6 Rxd6 31. Re8+ Kg7 32. Rc8 c3
33. Rc7 Rf6 34. Kg1 Rxf1+ 35. Kxf1 Kf6 36. Ke2 Ke5 37. Kd3 {1-0 (37)
Khairullin,I (2617)-Yevseev,D (2520)/St Petersburg RUS 2010/The Week in Chess
811}) (18. exf6 $2 Rxe3 {con clara ventaja negra}) 18... Rxb2 19. exf6 Qxf6 20.
Rac1 Qd8 21. Kh1 f5 22. Bf2 {Una posición increíble, las negras tienen una
pieza de menos por sólo dos peones sin amenazas directas y sin embargo parecen
estar mejor, las blancas no encuentran casillas y líneas para sus piezas y las
negras disponen de muchas debilidades tácticas para atacar, pese a esto las
negras decidieron dar tablas en la partida 1/2-1/2 (22) Ponomariov,R (2723)
-Gallagher,J (2500)/Porto Carras GRE 2011/The Week in Chess 888}) 18. Qe2 Qc7 {
Esta es la novedad, pero no parece modificar la evaluación.} 19. Nge4 Bf5 20.
g4 Bc8 $6 {Esta jugada cede es muy optimista y cede mucho espacio, las negras
debieron cambiar en "e4" con una partida algo peor pero aún en la lucha.} 21.
Rf2 Rb4 22. Rd1 ({La mejor jugada que da el módulo para las blancas es inhumana
} 22. Ra2 {!aunque es posible que sea la más correcta!. La idea es tener
defendido "b2" en las variantes de apertura del centro. Sin embargo la jugada
de Sergio es natural y comprensible al querer apoyar su centro y su más que
probable peón pasado de "d".}) 22... f5 23. exd6 ({Otra vez Sergio juega la
natural y el módulo sugiere otra difícil continuación} 23. Ng5 {con fuerte
iniciativa de las blancas.}) 23... Nxd6 24. Nxc5 Qe7 $4 ({Tras esta jugada las
negras están sencillamente perdidas. Las negras debieron jugar} 24... Re8 {
con posición peor pero con lucha.}) 25. Ne6 $1 {Ganando} Ne4 26. Nxe4 Rxb2 27.
Qxc4 fxe4 28. Rxb2 Bxe6 29. dxe6 Bxb2 30. Rd7 1-0

[Event "Bled op 21st"]
[Site "Bled"]
[Date "2000.04.02"]
[Round "9"]
[White "Atalik, Suat"]
[Black "Zheliandinov, Viktor"]
[Result "0-1"]
[WhiteElo "2575"]
[BlackElo "2411"]
[Annotator "Atalik,S"]
[PlyCount "124"]
[EventDate "2000.03.25"]
[EventType "swiss"]
[EventRounds "9"]
[EventCountry "SLO"]
[SourceTitle "EXT 2002"]
[Source "ChessBase"]
[SourceDate "2001.11.25"]
[SourceVersion "1"]
[SourceVersionDate "2001.11.25"]
[SourceQuality "1"]

1. d4 Nf6 2. c4 g6 3. Nc3 Bg7 4. e4 d6 5. h3 O-O 6. Bg5 c5 7. d5 e6 8. Bd3 exd5
9. cxd5 a6 10. a4 Nbd7 11. Nf3 Re8 12. O-O Qc7 13. Re1 Rb8 (13... c4 $2 14. Bf1
Nc5 (14... Rb8 15. Rc1 b5 16. axb5 axb5 17. Nd4 $16) 15. Nd2 $16) 14. Rc1 $5 (
14. Bc4 $5 Nb6 (14... Ne5 15. Nxe5 Rxe5 16. Bf4 Re8 17. e5 dxe5 18. d6 Qb6 19.
Bxe5 $36) 15. Bf1 $14) 14... Ne5 15. Nxe5 Rxe5 16. Bf4 (16. f4 Rxg5 $5 17. fxg5
Nd7 $44) 16... Re8 17. Bf1 (17. b4 Nd7) 17... Nd7 18. b4 Qb6 $1 19. b5 Qa5 $1 (
19... Ne5 $6 20. Rb1 Qa5 21. Bd2 $16) 20. Bd2 $6 (20. Qd2 Ne5 21. Bh6 Bxh6 (
21... Bh8 22. f4 Nd7 23. e5 dxe5 24. d6 $44) 22. Qxh6) 20... Qd8 21. f4 $2 (21.
Qf3 Ne5 22. Qg3 $14) 21... Bd4+ 22. Kh1 $8 (22. Kh2 Bf2 23. Re2 Qh4 $17) 22...
Qh4 $1 (22... Bf2 $6 23. Re2 Qh4 24. e5 dxe5 25. Ne4 Bd4 26. f5 gxf5 27. Nd6
Rd8 28. Nxf5 Qf6 29. Nh6+ Kg7 (29... Kh8 30. Bg5) 30. Re4 Nb6 31. Ng4 $44) 23.
Qf3 Nf6 24. f5 (24. Bc4 Ng4 $13 (24... Bg4 25. Qd3 Nh5 26. Kh2)) 24... Nh5 (
24... Bxc3 25. Rxc3 (25. Bxc3 Nxe4 26. fxg6 hxg6 27. Kh2 Bf5 28. Bb2) 25...
Nxe4 26. g3 (26. Rxe4 Rxe4 27. g3 Qe7) 26... Qe7 27. fxg6 hxg6 28. Rce3 f5 29.
Bd3 Qh7 30. g4) 25. g4 Nf6 $1 (25... Ng3+ $6 26. Kg2 Nxf1 27. Rxf1) 26. Kg2 $5
(26. Bf4 gxf5 (26... Bxc3 $2 27. Qxc3 Nxe4 28. Bxd6 $3 Nxd6 (28... Nxc3 29.
Rxe8+ Kg7 30. Bf8+ Kf6 31. Be7+ $18) 29. Rxe8+ Nxe8 30. Qe5 $16) 27. gxf5 Bxc3
28. Qxc3 Nxe4 29. Bxd6 Ra8 (29... Bxf5 $2 30. Bxb8) 30. Bxc5 Bxf5 31. Qf3 $13)
26... Bd7 (26... h5 $6 27. Qg3 Qxg3+ 28. Kxg3 Bxc3 $2 29. Bxc3 Nxe4+ 30. Kf4
$18) 27. Bd3 axb5 28. axb5 $2 (28. Nxb5 $8 gxf5 29. exf5 Rxe1 30. Rxe1 Nxd5 (
30... Bxb5 31. Bxb5 Nxd5 32. Re2 Nc7 33. Bc4 d5 34. Bxd5 Nxd5 35. Qxd5 Qd8 36.
Qc4 $14) 31. Nxd6 Bc6 32. Be4 Rd8 33. Bxd5 Bxd5 34. Qxd5 Qf2+ 35. Kh1 Rxd6 36.
Qg2 $14) 28... h5 $1 (28... Ra8 29. Qg3 Qxg3+ 30. Kxg3) 29. g5 Nh7 30. Qf4 Qxf4
31. Bxf4 Ra8 $1 (31... Be5 32. Bxe5 Rxe5 33. h4) 32. Bd2 $6 (32. Ne2 Be5 33. h4
Ra2 34. Bxe5 Rxe5 35. f6 $15) 32... Ra3 $6 (32... gxf5 33. exf5 Rxe1 34. Rxe1
Ra3 35. Rc1 Nxg5 $19) 33. h4 Nf8 34. Re2 $2 (34. Rf1 Bc8 $17) (34. Rc2 Bc8 $17)
34... gxf5 35. exf5 Rxe2+ 36. Bxe2 Bxf5 37. Bxh5 Ng6 38. Bxg6 fxg6 $19 39. Kf3
Kf7 40. Ke2 Rb3 41. Be1 Be5 42. Bd2 Ke7 43. Be1 Kd7 44. Bd2 Rb2 45. Nd1 Rxb5 (
45... Bg4+ 46. Kd3 c4+ 47. Ke3 Rxb5 $19) 46. Ne3 Bb1 $6 (46... Be4 47. Rc4 Bd4
48. Bc3 Rb3 $19) 47. Nc4 Be4 48. Nxe5+ dxe5 49. Rf1 Kd6 50. h5 gxh5 51. g6 Rb3
(51... Bxd5 52. Rf6+ Ke7 53. Rf5) 52. Rf6+ Kxd5 53. Be1 (53. g7 Rg3 54. Bh6 Kd4
$19) 53... Bd3+ 54. Kf2 (54. Kd2 Ke4 55. g7 Rb2+ 56. Kd1 Rg2 57. Rf7 b5 $19)
54... Rb2+ 55. Ke3 $6 (55. Kg1 Re2 (55... Be4 56. Bf2 h4 (56... Rb1+ 57. Kh2 h4
58. Kh3 Rh1+ 59. Kg4 h3 60. g7 Bh7 61. Bg3) 57. g7 Rb1+ 58. Be1 Bh7 59. Kf1 Kd4
60. Rh6 Bg8 61. Rxh4+ e4 $19) 56. Bf2 Re4 $19) (55. Kg3 Be4 56. Bf2 h4+ 57.
Kxh4 Bxg6 58. Bxc5 Kxc5 59. Rxg6 b5 $19) 55... Re2+ $1 $19 56. Kxd3 Rxe1 57. g7
Rg1 58. Rf7 Rg3+ 59. Ke2 b5 60. Kf2 Rg4 61. Ke3 b4 62. Kd2 Rg3 0-1

[Event "Aegina op"]
[Site "Aegina"]
[Date "1996.??.??"]
[Round "6"]
[White "Atalik, Suat"]
[Black "Banikas, Hristos"]
[Result "1/2-1/2"]
[WhiteElo "2535"]
[BlackElo "2440"]
[Annotator "Atalik,S"]
[PlyCount "108"]
[EventDate "1996.??.??"]
[EventType "swiss"]
[EventRounds "9"]
[EventCountry "GRE"]
[SourceTitle "EXT 1997"]
[Source "ChessBase"]
[SourceDate "1996.11.15"]
[SourceVersion "1"]
[SourceVersionDate "1996.11.15"]
[SourceQuality "1"]

1. d4 Nf6 2. c4 g6 3. Nc3 Bg7 4. e4 d6 5. f3 O-O 6. Be3 c5 7. Nge2 Nc6 8. d5
Ne5 9. Ng3 e6 10. Be2 exd5 11. cxd5 a6 12. Qd2 $5 h5 (12... b5 13. Bh6) 13. Bh6
Nh7 14. Bxg7 Kxg7 15. f4 Ng4 (15... Nd7 16. a4 h4 17. Nf1 f5 18. exf5 gxf5 19.
Ne3 Qf6 20. Nc4 $16) 16. Bxg4 hxg4 (16... Bxg4 17. f5 gxf5 18. h3 h4 19. hxg4
$18) 17. O-O (17. h4 gxh3 18. f5 Qg5 (18... hxg2 19. Qh6+ Kf6 20. Rg1 Rh8 21.
e5+ dxe5 22. Nge4+ Ke7 23. fxg6 Nf6 24. Qg5 $18) (18... Ng5 19. O-O-O Qf6 20.
e5) 19. Rxh3 Qxd2+ 20. Kxd2 Nf6 21. Rh4 Bd7 (21... Nd7 22. Rf1 $5 (22. Rah1))
22. Rah1 Rh8 23. Rxh8 Rxh8 24. Rxh8 Kxh8 25. fxg6 fxg6 26. e5 dxe5 27. Nge4
Nxe4+ 28. Nxe4 b6 29. Nf6 $18) 17... b5 18. e5 dxe5 19. fxe5 Qg5 20. Qxg5 (20.
Qe2 Bb7 21. e6 $16 Bxd5 22. e7 Rfe8 23. Nf5+ gxf5 24. Nxd5 $18) 20... Nxg5 21.
Nge4 (21. Nce4 $142) 21... Nxe4 (21... b4 22. Nxg5 bxc3 23. bxc3 Bf5 24. Rae1
Rae8 (24... Kh6 25. h4 gxh3 26. Nxh3) 25. e6) 22. Nxe4 Re8 $8 23. Nd6 Rxe5 24.
Rxf7+ Kg8 25. Rc7 $1 Bf5 26. Rd1 Rd8 (26... Bc2 27. Nf7 $1 Re2 28. Nh6+ Kh8 29.
Rf1 Be4 30. Rff7) 27. Nxf5 gxf5 28. Rxc5 (28. d6 c4 29. Kf2 Re6 30. Rc6 (30. d7
Kf7) 30... a5) 28... Rd6 29. Kf2 Kf7 30. b4 Kf6 31. Rc6 Ke7 32. Rxd6 Kxd6 33.
Rd4 Re8 (33... Rxd5 34. Ke3 $18) 34. h4 $5 (34. Rd2 f4 35. h3 gxh3 36. gxh3 Re4
37. Kf3 Re3+ 38. Kg2 Rc3 $10) (34. Rd3 Rc8 35. Kg3 Rc2 36. a3 f4+ 37. Kxg4
Rxg2+ 38. Kh3 Rf2 $10) 34... gxh3 35. gxh3 Rh8 36. h4 Ke5 37. Ke3 f4+ $4 (37...
Kd6 $10) 38. Rxf4 Kxd5 39. Kf3 Ke5 40. Kg3 Rh7 41. Rf3 Rh8 42. Kg4 $1 (42. Ra3
Rg8+ 43. Kh3 Kf4 44. Rxa6 Rg3+ 45. Kh2 Rc3 46. Rb6 Rc2+ 47. Kg1 Kg3) 42... Rg8+
43. Kh3 Rh8 44. Ra3 Rh6 45. Kg4 Rg6+ 46. Kh5 Rg8 (46... Rd6 47. Kg5 Ke6 48. Kg6
Rd4 49. Re3+ Kd6 50. h5 Rxb4 51. h6 Rg4+ 52. Kh5 $18) 47. Rxa6 Kf5 48. a3 $4 (
48. Rb6 Rh8+ 49. Rh6 Ra8 50. Rh7 Rf8 51. a3 $18) 48... Rh8+ 49. Rh6 Ra8 50. Rh7
Rf8 $1 $10 51. Kh6 Kf6 52. Kh5 Kf5 53. Rh6 Ra8 54. Rh7 Rf8 1/2-1/2

[Event "TUR-chT"]
[Site "Marmaris"]
[Date "2006.04.18"]
[Round "13"]
[White "Atalik, Suat"]
[Black "Mamedov, Rauf"]
[Result "0-1"]
[WhiteElo "2632"]
[BlackElo "2525"]
[Annotator "Atalik,S"]
[PlyCount "80"]
[EventDate "2006.04.18"]
[EventType "team"]
[EventRounds "19"]
[EventCountry "TUR"]
[SourceTitle "EXT 2008"]
[Source "ChessBase"]
[SourceDate "2007.11.25"]
[SourceVersion "1"]
[SourceVersionDate "2007.11.25"]
[SourceQuality "1"]

1. d4 Nf6 2. c4 g6 3. Nc3 Bg7 4. e4 d6 5. f3 O-O 6. Be3 c5 7. Nge2 $5 {Maybe
this line is way too rafinated.This move aims to make black to place his
knight on e5.} (7. d5 e6 8. Nge2 exd5 9. cxd5 Nbd7 10. Ng3 a6 11. a4 h5 12. Be2
Nh7 13. O-O h4 14. Nh1 f5 15. Qd2 Qf6 16. f4 fxe4 17. Nxe4 $13 {is a known
alternative.}) 7... Nc6 (7... Qa5 $5 8. Nc1 cxd4 9. Nb3 Qh5 10. Nxd4 Nc6 $13 {
is a very messy line.}) 8. d5 Ne5 9. Ng3 e6 10. Be2 exd5 11. cxd5 h5 12. Qd2
Nh7 13. Bh6 $5 (13. O-O h4 14. Nh1 f5 15. Nf2 Qf6 16. exf5 gxf5 17. Nh3 Ng6 18.
f4 $1 $14 {is a serious alternative to the text.}) 13... h4 14. Bxg7 $6 {
A bad line!} (14. Nf1 f5 15. Bxg7 Kxg7 16. f4 Nf7 17. exf5 gxf5 18. Ne3 Qf6 19.
Bd3 Re8 20. O-O $16 Qd4 $140 21. Rae1 c4 22. Qf2 $3 Qxd3 23. Nc2 $18) 14...
Kxg7 15. f4 Nd7 $2 (15... Ng4 $1 16. Nf1 Re8 17. Bxg4 Bxg4 18. Ne3 Bd7 19. Nc4
Bb5 $3 20. Nxb5 Rxe4+ 21. Ne3 Qd7 22. Nc3 Rxe3+ 23. Qxe3 Re8 24. Ne4 Nf6 25.
O-O Rxe4 26. Qc3 Qf5 $17 {Graf-Glek,Bundesliga 2005-6.}) 16. Nf1 Re8 17. Qc2 $1
(17. Ne3 $6 Ndf6 18. Bd3 b5 $1 $132) 17... a6 18. a4 Qf6 19. g3 Qd4 20. a5 $1 (
20. Nd2 Nhf6 21. O-O-O b5 22. axb5 $140 $2 axb5 23. Bxb5 Ra1+ $1 $40 (23...
Nxe4 $2 24. Nc4 Qf2 25. Rhe1 Ra1+ 26. Nb1 Qxc2+ 27. Kxc2 $16)) (20. gxh4 Qf6
21. Qd2 Qxh4+ 22. Ng3 Nhf6 23. Qe3 $36 (23. O-O-O b5)) (20. Rd1 $6 Qb4 21. gxh4
Ndf6 22. Ng3 Nxe4 23. O-O Nxg3 24. hxg3 Nf6 $13) 20... b5 21. axb6 Nxb6 22. Nd2
Nf6 {Draw offer.} 23. O-O-O Qb4 24. gxh4 Rb8 25. Rdg1 $4 {The result of a very
long calculation.It is obvious that he was threatening Nbd5 and it is also
obvious that white should meet it with Nc4 so what should be white's next?} (
25. Rhg1 Nbxd5 (25... Bd7 26. h5 Na4 27. Nc4 Nxc3 28. bxc3 Qa4 29. Qxa4 Bxa4
30. Nxd6 Bxd1 31. Bxd1 $16) 26. Nc4 Nxf4 27. Nxd6 Nxe2+ 28. Qxe2 Re5 29. Nc4
$13) (25. h5 $1 Nbxd5 26. Nc4 Nxf4 27. Nxd6 Re5 28. Rhf1 $14) (25. Rde1 Nbxd5
26. Nxd5 Nxd5 27. exd5 Re3 $1 $40) 25... Nbxd5 26. Nc4 (26. exd5 $2 Bf5 27.
Qxf5 Qxb2+ 28. Kd1 Qxc3 $19) 26... Nxf4 27. Nxd6 Rd8 $5 (27... Re6 28. Rf1
Nxe2+ 29. Qxe2 Rxd6 30. e5 Bg4 31. Qc2 Rdb6 $19) 28. Nxc8 (28. e5 Rxd6 $1 29.
exd6 Bf5 30. Qd2 Qxc3+ $19) 28... Rdxc8 $1 (28... Rbxc8 29. h5 N6xh5 30. Bxh5
Nxh5 31. Nd5 Qa5 (31... Qd4 $2 32. Ne7 $1) 32. Kb1 c4 $17) 29. Rf1 (29. h5
Nxe2+ (29... Ne6 $2 30. e5 Nd4 31. exf6+ Kh8 32. Qb1) 30. Qxe2 Nxh5 $19) 29...
Ne6 $1 $19 {The mistake I have made on the 25th decided the outcome of the
game dramatically.} 30. Bxa6 ({It is important to understand that does not
work.} 30. Rxf6 Nd4 31. Nd5 (31. Qb1 Nb3+ 32. Kc2 Rd8 $19) 31... Nxc2 32. Nxb4
cxb4 33. e5 Nd4+ $19) 30... Nd4 31. Qf2 Rc6 32. Bd3 c4 (32... Nb3+ $142 $1 {
was winning shorter.}) 33. Bb1 Nb3+ 34. Kc2 (34. Kd1 Rd8+) 34... Rd6 35. Nd5
Nxd5 36. exd5 Na1+ 37. Kc1 Nb3+ 38. Kc2 f5 $19 (38... Qb7 $5 $19) 39. Qe3 $2 {
Here I have made the finl blunder in a hopeless position.} Na1+ 40. Kd1 Rxd5+
0-1